000 03034cam a22006374i 4500
003 PE-LiUPU
005 20250731165607.0
008 150706s r 000 0 d
020 _a9682438292
035 _a(Sirsi) i9789682438295
040 _aPE-LiUPU
_bspa
_cPE-LiUPU
_erda
049 _aPRUA
082 0 4 _a001.42
_bC41 2012
082 0 4 _a001.42
_bT2
_221
100 1 _aCázares Hernández, Laura,
_eautor.
245 1 0 _aTécnicas Actuales de Investigación documental /
_cLaura Cázares Hernández.
250 _aTercera edición.
264 1 _aMéxico :
_bTrillas,
_c2007.
300 _a194 páginas :
_bilustraciones ;
_c23 centímetros
336 _atext
_2rdacontent
337 _aunmediated
_2rdamedia
338 _avolume
_2rdacarrier
504 _aBibliografía : página 187.
505 0 _aQué es investigar -- Pasos de la investigación -- Selección y delimitación del tema -- Ficha bibliográfica y ficha hemerográfica -- Esquema -- Ficha de contenido -- Partes del trabajo -- Citas -- Notas al texto -- Apéndices -- Bibliografía -- Índices -- Modelos de fichas de contenidos -- Modelos de bliografías -- Abreviaturas -- Presentación y formato de texto.
526 _aSEG44
526 _aSEG26
526 _aP151
526 _aP150
526 _aP149
526 _aP146
526 _aP145
526 _aP126
526 _aP125
526 _aP92
526 _aP75
526 _aP74
526 _aP27
526 _aP15
650 0 4 _aDocumentación.
650 0 4 _aInvestigación
_vMetodologìa.
650 0 4 _aRedacción de informes.
700 1 _aCázares Hernández, Laura.
910 _bjv
_cng
_d20100513
910 _btqv
_cwelc
_d20160711
942 _2ddc
_cBOOK
949 _a001.42 C41 2012
_wDEWEY
_c1
_iFJ00785
_lCCODEBUJ1
_mBUJ
_p13.81
_r0
_sY
_tBOOK
_u2016-7-11
_xINGENIERIA
_PP27
_0COMPRA
_o.STAFF. Colección General Juliaca
949 _a001.42 C41 2012
_wDEWEY
_c2
_iFJ00786
_lCCODEBUJ1
_mBUJ
_p13.81
_r0
_sY
_tBOOK
_u2016-7-11
_xINGENIERIA
_PP27
_0COMPRA
_o.STAFF. Colección General Juliaca
949 _aPGE 001.42 T2
_wDEWEY
_c1
_i61670
_mBUL
_r0
_sY
_tBOOK
_u2015-7-6
_xPOSGRADO
_PP57
_o.CIRCNOTE. No olvidar cambiar la fecha de devolución!!!!!!!
_o.STAFF. Colección General
994 _aC0
_bPEPRU
596 _a1 3
999 _aPGE 001.42 T2
_wDEWEY
_c50843
_i61670
_e2017-1-16
_f2021-11-4
_g5
_lCCODEBUL1
_mBUL
_n1
_r0
_sY
_tBOOK
_u2015-7-6
_xBIBLIOTECA
_PP57
_0COMPRA
_o.CIRCNOTE. No olvidar cambiar la fecha de devolución!!!!!!!
_o.STAFF. Colección General
_d50843
999 _a001.42 C41 2012
_wDEWEY
_c1
_iFJ00785
_d2019-8-26
_e2019-8-23
_f2021-12-27
_g4
_lCCODEBUJ1
_mBUJ
_n4
_p13.81
_q3
_r0
_sY
_tBOOK
_u2016-7-11
_xINGENIERIA
_PP27
_0COMPRA
_o.STAFF. Colección General Juliaca
999 _a001.42 C41 2012
_wDEWEY
_c2
_iFJ00786
_f2021-12-27
_g4
_lCCODEBUJ1
_mBUJ
_p13.81
_r0
_sY
_tBOOK
_u2016-7-11
_xINGENIERIA
_PP27
_0COMPRA
_o.STAFF. Colección General Juliaca
980 _81
_gALBERTO SANCHEZ Responsable de Automatización